| 000 | 01078nam0a22002531 4500 | ||
|---|---|---|---|
| 001 | rc\747600 | ||
| 005 | 20040301142232.2 | ||
| 035 | _a(NLR Aleph) 006276327 | ||
| 090 |
_a7002908 _c7002908 |
||
| 100 | _a20040301d1985 u |0rusy50 ca | ||
| 101 | 0 | _arus | |
| 102 | _aRU | ||
| 105 | _aa ||||||||| | ||
| 200 | 1 |
_aСтроение атомов и молекул _eУчеб. пособие _e(Для студентов 1 курса спец. "Химия") _fР.С. Цеханский, А.К. Молодкин, В.Г. Скворцов _gМ-во высш. и сред. спец. образования СССР |
|
| 210 |
_aМ. _cИзд-во Ун-та дружбы народов _d1985 |
||
| 215 |
_a81 с. _cил. _d21 |
||
| 700 | 1 |
_aЦеханский _bР. С. _gРоман Станиславович |
|
| 701 | 1 |
_aМолодкин _bА. К. _gАлексей Константинович |
|
| 701 | 1 |
_aСкворцов _bВ. Г. _gВикентий Григорьевич |
|
| 801 | 0 |
_aRU _bNLR _gpsbo |
|
| 801 | 1 |
_aRU _bELAR _2rusmarc |
|
| 852 |
_aNLR _j87-6/2341 |
||
| 942 | _cBOOK | ||
| 980 | _aNB | ||